000 00559nam a2200205Ii 4500
003 JO-AjNU
008 230606s9999||||xx |||||||||||||| ||und||
020 _a81-7835-502-7
040 _aJO-AjNU
_beng
_erda
_cJO-AjNU
041 _aeng
050 1 4 _aPR1175.G36 2006
100 3 _aGanguly,Amrita,
_eauthor
_952
245 0 0 _aPROXY A Collection Of Poems
264 3 1 _aNew Delhi: KALPAZ PUBLICATIONS, 2006
300 _a143P
336 _atext
_btxt
_2rdacontent
337 _aunmediated
_bn
_2rdamedia
338 _avolume
_bnc
_2rdacarrier
650 4 _aPoems
_953
999 _aE30
_c30
_d30